| 000 | 00692cam a2200217 4500500 | ||
|---|---|---|---|
| 005 | 20260405003027.0 | ||
| 041 | _afre | ||
| 042 | _adc | ||
| 100 | 1 | 0 |
_ade Oliveira, Victorine _eauthor |
| 245 | 0 | 0 | _aLa critique de Michaël Fœssel. “La collapsologie ignore les rapports de forces” |
| 260 | _c2020. | ||
| 500 | _a16 | ||
| 690 | _aCollapsologie | ||
| 690 | _aCroyances | ||
| 690 | _aIndividualisme | ||
| 690 | _aMichaël Fœssel | ||
| 690 | _aPolitique | ||
| 690 | _aReligion | ||
| 786 | 0 | _nPhilosophie magazine | 136 | 2 | 2020-02-01 | p. 26-26 | 1951-1787 | |
| 856 | 4 | 1 | _uhttps://shs.cairn.info/magazine-philosophie-magazine-2020-2-page-26?lang=fr&redirect-ssocas=7080 |
| 999 |
_c2063671 _d2063671 |
||